| 000 | 00853naa a22001697a 4500 | ||
|---|---|---|---|
| 007 | t| | ||
| 008 | 250310e20241219xxk||||os||||o00| 0 eng d | ||
| 041 | _aeng | ||
| 245 | _a381 Southwark Park Road RTM Company Ltd and others v Click St Andrews Ltd and another | ||
| 260 |
_a[2024] EWHC 3569 (TCC) _bTechnology and Construction Court _c19 December 2024 |
||
| 520 | _aOn 19 December, Mrs Justice Jefford made a building liability order under section 130 of the Building Safety Act 2022 in terms that the relevant liability of Click St Andrews Ltd was also the liability of Click Group Holdings. Related case [2024] EWHC 3179 (TCC) | ||
| 650 | _aBUILDING SAFETY ACT 2022 | ||
| 650 | _aBUILDING LIABILITY ORDERS | ||
| 650 | _aJUDGMENT | ||
| 651 | _aUnited Kingdom | ||
| 856 |
_uhttps://www.bailii.org/ew/cases/EWHC/TCC/2024/3569.html _zAvailable from BAILII |
||
| 999 |
_c122119 _d122119 |
||